000 00416pab a2200145 454500
008 180718b1984 xxu||||| |||| 00| 0 eng d
100 _aSahni, Ashok
245 _aManagerial growth and obsolescence in public sector - developing effective managers for tomorrow
260 _c1984
300 _a15-20
362 _aMar.
650 _aGovernment Enterprise - Personnel - India
773 _aLok Udyog
909 _a9345
999 _c9345
_d9345